000
00353nam a2200133Ia 4500
008
231129s9999||||xx |||||||||||||| ||spa||
020
_a
968-451-369-0
040
_b
spa
082
_a
574.192 W582b
100
_a
White Abraham
245
0
_a
Principios de bioquímica
264
_a
McGraw-Hill
942
_2
ddc
_c
BKS
999
_c
23213
_d
23213